000 00718nam a2200229 a 4500
999 _c11525
_d11525
001 11525
003 BD-JhCC
005 20191031114550.0
008 180624b1999 bg |||| ||a| 000 0 ben d
020 _a984816068X
035 _a(BD-JhCC)11525
040 _aBD-JhCC
_dBD-JhCC
041 _aben
082 _bRAF 1999
_a891.443
100 _aরফিক, আহমদ
245 _aজীবনানন্দ সময় সমাজ ও প্রেম /
_cআহমদ রফিক ।
260 _aঢাকা:
_bঅন্যপ্রকাশ;
_c১৯৯৯.
300 _a১০৪ পৃ. :
_c২২ সেমি.
650 _aBenglai Novel
_xHistory
942 _2ddc
_cBK